00440cam a2200181ua 45000010005000000080039000050200015000440400009000590410008000680820008000761000023000842450049001072500009001562600027001653000010001926530036002026530020002388089150108n ii |||gr||||Z||||||hin a8170281857 cMAIN ahin a920 aBora, R.,eAuthor.1 aAcharya Hazariprasad DwivedicBy Rajmal Bora a1st. aDelhi:bRajpal,c1995. a108p. aBiography, genealogy & insignia aHindi biography